000
00502nam a2200169Ia 4500
008
110201s9999 xx 000 0 und d
082
_b
B568
_a
K 388
100
_a
गोगटे शकुंतला
245
_a
अभिमान
260
_b
प्रमोद प्रकाशन
365
_b
10
600
_a
गोगटे शकुंतला
630
_a
अभिमान
700
_a
गोगटे शकुंतला
730
_a
अभिमान
942
_c
BOOK
999
_c
828025
_d
828022